000 01284nam a2200349Ia 4500
001 ebr10201841
003 CaPaEBR
006 m u
007 cr cn|||||||||
008 000505s2000 caua sb 001 0 eng d
010 _z 00104879
020 _z9780123565051
020 _z0123565057
040 _aCaPaEBR
_cCaPaEBR
035 _a(OCoLC)162572820
050 1 4 _aQP552.C42
_bI82 2000eb
100 1 _aIsacke, Clare M.
245 1 4 _aThe adhesion molecule factsbook
_h[electronic resource] /
_cClare M. Isacke, Michael A. Horton.
250 _a2nd ed.
260 _aSan Diego :
_bAcademic,
_cc2000.
300 _aix, 313 p. :
_bill.
490 1 _aFactsbook series
504 _aIncludes bibliographical references and index.
533 _aElectronic reproduction.
_bPalo Alto, Calif. :
_cebrary,
_d2009.
_nAvailable via World Wide Web.
_nAccess may be limited to ebrary affiliated libraries.
650 0 _aCell adhesion molecules
_vHandbooks, manuals, etc.
650 0 _aBiomolecules.
655 7 _aElectronic books.
_2local
700 1 _aHorton, Michael A.
710 2 _aebrary, Inc.
830 0 _aFactsbook series.
856 4 0 _uhttp://site.ebrary.com/lib/rucke/Doc?id=10201841
_zAn electronic book accessible through the World Wide Web; click to view
999 _c223423
_d223423